Corruption : (Record no. 28115)

MARC details
000 -LEADER
fixed length control field 02298cam a22003495i 4500
001 - CONTROL NUMBER
control field 18329128
003 - CONTROL NUMBER IDENTIFIER
control field EG-ScBUE
005 - DATE AND TIME OF LATEST TRANSACTION
control field 20200216113904.0
008 - FIXED-LENGTH DATA ELEMENTS--GENERAL INFORMATION
fixed length control field 141008s2015 enka f b 001 0 eng d
020 ## - INTERNATIONAL STANDARD BOOK NUMBER
International Standard Book Number 9780199689699
020 ## - INTERNATIONAL STANDARD BOOK NUMBER
International Standard Book Number 0199689695
035 ## - SYSTEM CONTROL NUMBER
System control number (OCoLC)ocn906985992
040 ## - CATALOGING SOURCE
Original cataloging agency AU@
Language of cataloging eng
Description conventions rda
Transcribing agency AU@
Modifying agency OCLCO
-- YDXCP
-- IDCWI
-- CUI
-- BTCTA
-- BDX
-- CDX
-- CUD
-- IHI
-- OCLCF
-- UMS
-- UAB
-- C7M
-- DGU
-- A7U
-- ZLM
-- WEA
-- LMR
-- VRC
-- WHCCD
-- II3
-- MKN
-- HLO
-- OCLCQ
-- YDX
-- OCLCQ
-- U3G
-- GILDS
-- OCLCQ
-- DLC
-- EG-ScBUE
082 04 - DEWEY DECIMAL CLASSIFICATION NUMBER
Classification number 364.1323
Item number HOL
Edition number 22
100 1# - MAIN ENTRY--PERSONAL NAME
Personal name Holmes, Leslie,
Relator term author.
245 10 - TITLE STATEMENT
Title Corruption :
Remainder of title a very short introduction /
Statement of responsibility, etc Leslie Holmes.
250 ## - EDITION STATEMENT
Edition statement First edition.
264 #1 - PUBLICATION, DISTRIBUTION, ETC. (IMPRINT)
Place of publication, distribution, etc Oxford, United Kingdom :
Name of publisher, distributor, etc Oxford University Press,
Date of publication, distribution, etc 2015.
300 ## - PHYSICAL DESCRIPTION
Extent xxiii, 143 pages :
Other physical details illustrations ;
Dimensions 18 cm.
336 ## - CONTENT TYPE
Content type term text
Content type code txt
Source rdacontent
337 ## - MEDIA TYPE
Media type term unmediated
Media type code n
Source rdamedia
338 ## - CARRIER TYPE
Carrier type term volume
Carrier type code nc
Source rdacarrier
490 0# - SERIES STATEMENT
Series statement Very short introductions ;
Volume number/sequential designation 426
504 ## - BIBLIOGRAPHY, ETC. NOTE
Bibliography, etc Includes bibliographical references and index.
505 00 - FORMATTED CONTENTS NOTE
Title What is corruption? --
-- Why corruption is a problem --
-- Can we measure corruption? --
-- Psycho-social and cultural explanations --
-- System-related explanations --
-- What can states do? --
-- What else can be done?
520 ## - SUMMARY, ETC.
Summary, etc "Corruption is one of the biggest global issues, ahead of extreme poverty, unemployment, the rising cost of food and energy, climate change, and terrorism. It is thought to be one of the principal causes of poverty around the globe. Its significance in the contemporary world cannot be undervalued. In this Very Short Introduction, Leslie Holmes looks the history of corruption across the millennia and considers why the international community has only highlighted it as a problem in the past two decades. Holmes explores the phenomenon from several different perspectives, from the cultural differences affecting how corruption is defined, its impact, its various causes, and the possible remedies. Providing evidence of corruption and considering ways to address it around the world, this is an important introduction to a significant and serious global issue."--Amazon.com.
650 #0 - SUBJECT ADDED ENTRY--TOPICAL TERM
Topical term or geographic name as entry element Corruption.
650 #6 - SUBJECT ADDED ENTRY--TOPICAL TERM
Topical term or geographic name as entry element Corruption.
653 ## - INDEX TERM--UNCONTROLLED
Resource For college BAEPS, Political Science
Arrived date list February2020
942 ## - ADDED ENTRY ELEMENTS (KOHA)
Source of classification or shelving scheme Dewey Decimal Classification
Koha item type Book - Borrowing
Holdings
Withdrawn status Lost status Source of classification or shelving scheme Damaged status Not for loan Collection code Home library Current library Shelving location Date acquired Source of acquisition Cost, normal purchase price Serial Enumeration / chronology Total Checkouts Full call number Barcode Date last seen Cost, replacement price Price effective from Koha item type
    Dewey Decimal Classification     Alahram Central Library Central Library First floor 16/02/2020 Purchase 81.00 487   364.1323 HOL 000048678 15/07/2025 101.25 16/02/2020 Book - Borrowing